| 000 | 01999cam a2200421 i 4500 | ||
|---|---|---|---|
| 001 | 20238499 | ||
| 003 | CSPC | ||
| 005 | 20260128105327.0 | ||
| 008 | 180105t20172017ph b f000 0 eng | ||
| 010 | _a 2018327009 | ||
| 020 | _a9789711504779 | ||
| 035 | _a20238499 | ||
| 040 |
_aDLC _beng _cDLC _erda _dDLC _dCSPC |
||
| 042 |
_alcode _apcc |
||
| 043 | _aa-ph--- | ||
| 050 | 0 | 0 |
_aJC599.P5 _bV46 2017 |
| 082 | 0 | 4 |
_a658.40809599 _bP419 |
| 100 | 1 |
_aVeneracion, Voltaire J., _eauthor. |
|
| 245 | 1 | 0 |
_aPeople and profits : _ba guide on business and human rights for NGOs / _cVoltaire J. Veneracion and Agni Mentaki Tripodi. |
| 264 | 1 |
_aDiliman, Quezon City : _bUniversity of the Philippines Law Center, Institute of Human Rights, _c2017. |
|
| 300 |
_avii, 64 pages ; _c26 cm. |
||
| 336 |
_atext _2rdacontent |
||
| 337 |
_aunmediated _2rdamedia |
||
| 338 |
_avolume _2rdacarrier |
||
| 504 | _aIncludes bibliographical references. | ||
| 505 | 0 | _aForeword -- Preface -- Introduction -- People and profits: a guide on business and human rights for NGOS -- Foundations of human rights -- The UN guiding principles -- Assessment tool for the implementation of the UNGP -- Human rights impact assessment -- Conclusion -- Annexes. | |
| 546 | _aIn English. | ||
| 650 | 0 |
_aHuman rights _xEconomic aspects _zPhilippines. |
|
| 650 | 0 |
_aSocial responsibility of business _zPhilippines. |
|
| 650 | 0 |
_aCorporate governance _xSocial aspects _zPhilippines. |
|
| 650 | 0 |
_aInternational business enterprises _zPhilippines. |
|
| 700 | 1 |
_aTripodi, Agni Mentaki, _eauthor. |
|
| 710 | 2 |
_aUniversity of the Philippines. _bInstitute of Human Rights, _epublisher. |
|
| 906 |
_a7 _bcbc _corigode _d3 _encip _f20 _gy-gencatlg |
||
| 942 |
_2ddc _cBK _h658.40809599 _iP419 _kFIL _m2017 _n0 |
||
| 999 |
_c29940 _d29940 |
||